<?xml version="1.0" encoding="UTF-8"?><?xml-stylesheet type="text/xsl" href="static/style.xsl"?><OAI-PMH xmlns="http://www.openarchives.org/OAI/2.0/" xmlns:xsi="http://www.w3.org/2001/XMLSchema-instance" xsi:schemaLocation="http://www.openarchives.org/OAI/2.0/ http://www.openarchives.org/OAI/2.0/OAI-PMH.xsd"><responseDate>2026-04-14T04:29:39Z</responseDate><request verb="GetRecord" identifier="oai:www.recercat.cat:2445/28947" metadataPrefix="marc">https://recercat.cat/oai/request</request><GetRecord><record><header><identifier>oai:recercat.cat:2445/28947</identifier><datestamp>2025-11-19T10:58:19Z</datestamp><setSpec>com_2072_1057</setSpec><setSpec>col_2072_478917</setSpec><setSpec>col_2072_478922</setSpec></header><metadata><record xmlns="http://www.loc.gov/MARC21/slim" xmlns:dcterms="http://purl.org/dc/terms/" xmlns:xsi="http://www.w3.org/2001/XMLSchema-instance" xmlns:doc="http://www.lyncode.com/xoai" xsi:schemaLocation="http://www.loc.gov/MARC21/slim http://www.loc.gov/standards/marcxml/schema/MARC21slim.xsd">
   <leader>00925njm 22002777a 4500</leader>
   <datafield ind2=" " ind1=" " tag="042">
      <subfield code="a">dc</subfield>
   </datafield>
   <datafield ind2=" " ind1=" " tag="720">
      <subfield code="a">Bartolomé Pina, Margarita</subfield>
      <subfield code="e">author</subfield>
   </datafield>
   <datafield ind2=" " ind1=" " tag="260">
      <subfield code="c">2012-07-30T10:53:12Z</subfield>
   </datafield>
   <datafield ind2=" " ind1=" " tag="260">
      <subfield code="c">2012-07-30T10:53:12Z</subfield>
   </datafield>
   <datafield ind2=" " ind1=" " tag="260">
      <subfield code="c">1995</subfield>
   </datafield>
   <datafield ind2=" " ind1=" " tag="260">
      <subfield code="c">2012-07-17T10:57:36Z</subfield>
   </datafield>
   <datafield ind2=" " ind1=" " tag="520">
      <subfield code="a">Este artículo pretende introducir el espacio de reflexión crítica que representa la Tribuna señalando los cuatro interrogantes que guían la aportación de los participantes en ella: ¿Cómo se entiende, desde Cataluña, la educación intercultural? ¿Qué fuerzas la están impulsando? ¿Qué fuerzas la frenan? ¿Cuáles son las debilidades del sistema? ¿Hacia dónde habríamos de dirigir nuestros esfuerzos? En el primer apartado se constata una cierta contradicción entre el discurso teórico de los estudiosos y el discurso de la Administración y el de la propia práctica educativa. En el análisis de los modelos educativos encontrados en las aufas se descubre la tendencia hacia una afirmación hegemónica de la cultura del pa(s de acogida. Entre las fuerzas para impulsar la educación intercultural se encuentra prioritariamente la sensibilidad animada por los estudios, movimientos, organizaciones, cursos y escuelas de verano. También el Programa de Educación Compensatoria, el Programa de Educación en la Diversidad» y la misma actitud de la Administración catalana han favorecido la escolarización de las minorías culturales. E/ Plan Interdepartamental de Inmigración constituye en sr un trabajo para coordinar esluerzos y dar un marco global a las respuestas parciales. Ahora bien, la pobreza de origen de un colectivo de inmigrantes y la existencia de una minoría culturalmente diferenciada han determinado una fuerte asociación entre el hecho de la marginación y el hecho de la diversidad cultural. La asimetría cultural impide una verdadera educación intercultural. Nuestros esfuerzos habrían de dirigirse a crear condiciones para un proyecto educativo intercultural, centrarnos fundamentalmente en la formación del profesorado y en concreto en la revisión de su forma de enseñanza-aprendizaje, estilo de comunicación y tipo de disciplina, esenciales para crear una auténtica educación intercultural.</subfield>
   </datafield>
   <datafield tag="653" ind2=" " ind1=" ">
      <subfield code="a">Educació intercultural</subfield>
   </datafield>
   <datafield tag="653" ind2=" " ind1=" ">
      <subfield code="a">Multicultural education</subfield>
   </datafield>
   <datafield ind2="0" ind1="0" tag="245">
      <subfield code="a">L'educació intercultural. Entre el repte i l'utopia</subfield>
   </datafield>
</record></metadata></record></GetRecord></OAI-PMH>